000 00852nam a2200289Ia 4500
005 20260324130712.0
008 008 260324s9999 xx 000 0 eng d
020 _a9781849773225
037 _aEBOOK
040 _aCRL
040 _beng
040 _cCRL
041 _2eng
041 _aeng
084 _qCRL
100 _aMamoru Fujita; Cassandra Balchin; Linda Waldman; Anthony Klouda; Joy Moncrieffe; Rosalind Eyben; Andrea Cornwall; Mark Hobart; Geoff Wood; Lyla Mehta; Arjan De Haan; Jaideep Gupte
_91182777
245 4 _aThe Power of Labelling
245 0 _bHow People are Categorized and Why It Matters
260 _bTaylor and Francis
260 _c2007
365 _a
365 _b230
856 _uhttp://www.taylorfrancis.com/books/9781849773225
942 _cEBOOK
999 _c1779172
_d1779172